Development and cities (Record no. 3718)

MARC details
000 -LEADER
fixed length control field 00365nam a22001577a 4500
003 - CONTROL NUMBER IDENTIFIER
control field OSt
005 - DATE AND TIME OF LATEST TRANSACTION
control field 20210914115515.0
008 - FIXED-LENGTH DATA ELEMENTS--GENERAL INFORMATION
fixed length control field 210914b |||||||| |||| 00| 0 eng d
020 ## - INTERNATIONAL STANDARD BOOK NUMBER
International Standard Book Number 0855984651
040 ## - CATALOGING SOURCE
Original cataloging agency HU
Transcribing agency DDC
082 ## - DEWEY DECIMAL CLASSIFICATION NUMBER
Classification number 307.76/DEV
245 ## - TITLE STATEMENT
Title Development and cities
260 ## - PUBLICATION, DISTRIBUTION, ETC.
Place of publication, distribution, etc. British
Name of publisher, distributor, etc. OXFAM
Date of publication, distribution, etc. 2002
300 ## - PHYSICAL DESCRIPTION
Extent xii,368p,24cm
942 ## - ADDED ENTRY ELEMENTS (KOHA)
Source of classification or shelving scheme Dewey Decimal Classification
Koha item type Books like text book referance book
Suppress in OPAC No
Holdings
Withdrawn status Lost status Source of classification or shelving scheme Damaged status Not for loan Home library Current library Shelving location Date acquired Total Checkouts Full call number Barcode Date last seen Copy number Price effective from Koha item type
    Dewey Decimal Classification     Law & Governance lLbrary Law & Governance lLbrary General Stacks 09/14/2021   307.76/DEV LGCLIB0000311 09/14/2021 C1 09/14/2021 Books like text book referance book
    Dewey Decimal Classification     Social Library Social Library General Stacks 10/27/2021   307.76/DEV SHLIB 00002614 10/27/2021 1 10/27/2021 Books like text book referance book